U.K. Cities Ending in "H" - Statistics

General Stats
  • This quiz has been taken 1,607 times
  • The average score is 4 of 9
Answer Stats
Country City % Correct
Scotland Edinburgh
85%
England Norwich
53%
England Plymouth
50%
England Portsmouth
50%
England Bath
45%
Northern Ireland Armagh
42%
Scotland Perth
41%
England Peterborough
29%
Wales St Asaph
19%
No matching quizzes found
Score Distribution
Percent of People with Each Score
Percentile by Number Answered
Your Score History
You have not taken this quiz